|
|
|
|
| LEADER |
01211nam a22002897a 4500 |
| 001 |
37758 |
| 003 |
BD-DhAAL |
| 005 |
20220217125514.0 |
| 008 |
220217b2009 pl a|||| |||| 00| 0 eng d |
| 999 |
|
|
|c 43528
|d 43528
|
| 020 |
|
|
|a 9783885137818
|
| 040 |
|
|
|a BD-DhAAL
|
| 082 |
|
|
|a 379.1
|2 22
|
| 100 |
|
|
|a Hinzen, Heribert
|9 45864
|
| 245 |
|
|
|a Adult education and continuing education policy :
|b science in between society and politics /
|c Heribert Hinzen and Jooachim H. Knoll
|
| 260 |
|
|
|a Poland :
|b Bonn ,
|c 2009
|
| 300 |
|
|
|a 152 pages :
|b illustrations ;
|c 21 cm.
|
| 490 |
|
|
|a Internationale Perspektiven der Erwachsenenbildung, 64.
|
| 541 |
|
|
|a Complimentary copy from BIED
|e 37758
|
| 650 |
|
|
|a Adult education
|9 45865
|
| 650 |
|
|
|a Continuing education
|9 45866
|
| 650 |
|
|
|a Education and state
|9 45867
|
| 700 |
|
|
|a Knoll, Jooachim H.
|9 45868
|
| 830 |
|
|
|a Internationale Perspektiven der Erwachsenenbildung, 64.
|9 45869
|
| 852 |
|
|
|a Ayesha Abed Library
|c BIED Collection
|
| 942 |
|
|
|2 ddc
|c BK
|
| 952 |
|
|
|0 0
|1 0
|2 ddc
|4 0
|6 379_100000000000000_HIN
|7 0
|9 69825
|a BRACUL
|b BRACUL
|c GEN
|d 2022-02-17
|e Complimentary copy from BIED
|l 0
|o 379.1 HIN
|p 3010037758
|r 2022-02-17
|t 1
|w 2022-02-17
|y BK
|x Transferred from BIED to General Stacks
|